Tom Clancy's Rainbow Six Siege - General Knowlege Quiz - Statistics

General Stats
  • This quiz has been taken 1,222 times
  • The average score is 4 of 7
Answer Stats
Hint Answer % Correct
Which operator uses holograms to distract enemies? Alibi
95%
How many defender trap operators are in the Game? 4
92%
How many operators are there in total? 50
67%
What is Thatchers special utility called? EMP Grenade
64%
Which map was released in operation Black Ice? Yacht
54%
which map has just been reworked? Kanal
25%
Which pro leauge tournament is the most important? Invitationals
5%
No matching quizzes found
Score Distribution
Percent of People with Each Score
Percentile by Number Answered
Your Score History
You have not taken this quiz